MDQL
is popping MORE tags! Check the
thread
!
Quizzes
Events
Quiz Creation
Community
Videos
Private Events
Remove Ads
Sign In
Join for FREE
Feedback
Dark Mode
Quiz Categories
Sports
Geography
Music
Movies
Television
Just For Fun
Miscellaneous
History
Literature
Language
Science
Gaming
Entertainment
Religion
Holiday
For Kids
Quiz Lab
Recent
Popular Today
Quiz Kudos Today
Editor Picks
Curator Picks
Quizzes by...
Day
Popularity
Type
Ratings
Length
Year
Community
Subscriptions
Recent Discussions
Orange Saloon
Badges
Playlists
Quests
Create
Leaderboards
Showdown
Live 5
Trivia Bingo
Activity
Puzzle Library
Sporcle Events
Private Events
Virtual Trivia
Globe League
Become a Host
Pub Owners
SporcleCon
Opinionation
Our Games
Videos
Blog
Mobile Apps
Partnerships
Remove Ads and Go Orange
Feedback
Sports
Athletes
MLB
NBA
NHL
NFL
Soccer
Sports Teams
WWE
NCAA
Football
Premier League
Basketball
Baseball
Hockey
Golf
Tennis
Cricket
Rugby
Auto Racing
Olympics
World Cup
Sports
Athletes
MLB
NBA
NHL
NFL
Soccer
Sports Teams
WWE
NCAA
Football
Premier League
Basketball
Baseball
Hockey
Golf
Tennis
Cricket
Rugby
Auto Racing
Olympics
World Cup
Random Quiz
Search Sporcle
×
Quiz Lab
Quiz Lab
Sports
Football
Type in answers that appear in a list
Type in answers that appear in a list
Classic
Best Score? Go Orange.
Football players of the belgium squad ( since 2000) Stats
Can you name the football players of the belgium squad ( since 2000)?
By
jordy_
20m
143 Questions
546 Plays
546 Plays
546 Plays
Comments
Comments
Give Quiz Kudos
Give Quiz Kudos
-
- Ratings
hide this ad
More Info
Replay
Link that replays current quiz
Next Quiz
Link to next quiz in quiz playlist
You Got
0%
They Got
Avg Score
45%
Avg Friend Score
Upgrade to see
Score Distribution
Jump to the score distribution portion of the page
Score
0/143
Timer
20:00
0
Plays Today
% Correct
Thorgan Hazard
95.1%
Thorgan Hazard
94.8%
Eden Hazard
93.2%
Vincent Kompany
91.9%
Romelu Lukaku
91.1%
Jan Vertonghen
90.2%
Thomas Vermaelen
89.1%
Thibaut Courtois
88.6%
Marouane Fellaini
86.7%
Axel Witsel
86.5%
Simon Mignolet
85.8%
Divock Origi
82.1%
Toby Alderweireld
81.9%
Kevin de Bruyne
81.9%
Daniel van Buyten
81%
Emile Mpenza
80.1%
Mbo Mpenza
80.1%
Marc Wilmots
79.7%
Dries Mertens
79.2%
Christian Benteke
77.5%
Moussa Dembele
76.8%
Timmy Simons
74.4%
Wesley Sonck
74.2%
Steven Defour
72.9%
Bart Goor
70.5%
Nacer Chadli
70.3%
Kevin Mirallas
69.4%
Yannick Ferreira Carrasco
69.3%
Michy Batshuayi
69.3%
Guillaume Gillet
68.1%
Jean- Francois Gillet
68.1%
Filip de Wilde
67.2%
Thomas Meunier
66.9%
Anthony Vanden Borre
65.7%
Adnan Januzaj
64.5%
Radja Nainggolan
63.3%
Silvio Proto
62.7%
Geert de Vlieger
62.4%
Gert Verheyen
62.2%
Nicolas Lombaerts
60.1%
Eric Deflandre
60%
Jelle van Damme
59.6%
Jason Denayer
59%
Olivier Deschacht
57.9%
Branko Strupar
57.7%
Jelle Vossen
57.7%
Stijn Stijnen
57%
Sandy Martens
56.8%
% Correct
Thomas Buffel
56.8%
Maarten Martens
56.8%
Lorenzo Staelens
56.3%
Bob Peeters
54.8%
Jacky Peeters
54.8%
Yves Vanderhaeghe
54.8%
Laurent Ciman
54.8%
Johan Walem
54.1%
Nico van Kerckhoven
52%
Glen de Boeck
51.7%
Peter van der Heyden
51.3%
Logan Bailly
51.3%
Sébastien Pocognoli
50.2%
Leander Dendoncker
49.3%
Dennis Praet
48.6%
Dedryck Boyata
48%
Gilles de Bilde
46.5%
Walter Baseggio
46.5%
Marvin Ogunjimi
46.5%
Eric van Meir
46.3%
Joos Valgaeren
45.8%
Phillipe Clement
45.4%
Danny Boffin
44.1%
Igor de Camargo
44.1%
Gaby Mudingayi
43.7%
Phillipe Léonard
42.8%
Carl Hoefkens
42.8%
Sven Vermant
42.4%
Bertrand Crasson
42.1%
Luigi Pieroni
42.1%
Tom de Sutter
41.9%
Francky Vandendriessche
40.6%
Kevin Vandenbergh
40.4%
Gill Swerts
40.4%
Olivier de Cock
40%
Gaëtan Englebert
39.7%
Birger Maertens
38.2%
Bernd Thijs
37.8%
Tristan Peersman
37.6%
Tom de Mul
36.9%
Frédéric Herpoel
36.7%
Karel Geraerts
36.7%
Zakaria Bakkali
36.7%
Didier Dheedene
36.5%
Francois Sterchele
36%
Ritchie de Laet
34.9%
Regis Genaux
34.7%
Jonathan Legear
34.7%
% Correct
Tom Soetaers
34.3%
Filip Daems
33.8%
Roberto Bisconti
33.8%
Ilombe Mboyo
33.7%
Jonathan Blondel
33.4%
Koen Daerden
32.8%
Michaël Goossens
31.9%
Sepp de Roover
31.7%
Jurgen Cavens
29.9%
Stein Huysegems
29.7%
Stijn de Smet
29.2%
Vadis Odjidja- Ofoe
29.2%
Yassine El Ghanassy
29%
Mark de Man
28.4%
Stefaan Tanghe
28%
Stijn Vreven
27.7%
Björn Vleminckx
27.7%
Dennis Odoi
27.6%
Mehdi Carcela- Gonzalez
27.5%
Jeroen Simaeys
26.6%
Kevin Roelandts
26.6%
Olivier Doll
26.4%
Ronny Gaspercic
26%
Marc Hendrikx
26%
Tom Caluwé
25.8%
Roland Lamah
25.5%
David Hubert
25.4%
Toni Brogno
24.7%
Christophe Lepoint
24.5%
Faris Haroun
24.4%
Joris van Hout
23.6%
Steve Colpaert
22.7%
Katuka Tshimanga
22.7%
Cédric Roussel
22.3%
Erwin Lemmens
22%
Peter van Houdt
22%
Grégory Dufer
22%
Geoffrey Mujangi- Bia
21.6%
Brian Vandenbussche
21.4%
Davy Schollen
21%
Jonathan Walasiak
20.8%
Christophe Grégoire
20.8%
Nathan D'Haemers
20.5%
Thomas Chatelle
20.3%
Wim de Decker
18.5%
Pieter Collen
18.1%
Killian Overmeire
18.1%
Quiz Playlist
Details
Report
Send in Message
Add To Playlist
More Info:
name all the players who played for the national squad of Belgium. Including friendly matches.(edit 30 may 2013)
Classic:
Type in answers that appear in a list
Last Updated: Feb 16, 2017
Quiz Scoreboard
CHALLENGE
Sign Up to Join the Scoreboard
Show All
Scores
Hide
Comments
May contain spoilers
Recently Published
Image Sorting: Flags VI
by Barbecue
Geography
2m
Find the 'City' Movie
by crazypaving
Movies
60s
Colored Red Africa Blitz
by spor1
Geography
45s
More to Explore
Quiz From the Vault
Featured Blog Post
14 Easter Pick-up Lines to Find Eggs With
hide this ad
You Might Also Like...
Tags
Football Quiz
2000
Belgium
Player
Squad
Today's Top Quizzes in Sports
Browse Sports
hide this ad
Today's Top Quizzes in Football
Browse Football
Top Contributed Quizzes in Sports
1
Les meilleurs buteurs des matchs entre le PSG et l’OM
2
Les entraîneurs de l'OM et du PSG au 21e siècle
3
Les joueurs passés par le PSG et l'OM
4
2022 World Cup Stars
5
Players with Multiple 50 Home Run Seasons
6
Criteria MLB: Left Handed Sluggers
7
Les joueurs passés par le LOSC et le RC Lens
8
NBA Logic Puzzle 2.0
9
MLB Players with Two .350 Batting Average Seasons
10
FIFA Club World Cup Champions
Explore More
Trending Topics
Disney
NBA
Anime
Marvel
Harry Potter
Kpop
Crossword
Country
WWE
Pokémon
Soccer
NFL
Song
The Office
Puzzle
hide this ad
More By:
jordy_
Quiz
Plays
Rating
Category
Featured
Created
Dutch Eredivisie Champions XI's
10,100
4.69
Sports
Feb 15, 2013
100 Soccer Legends of the 00's
8,148
4.05
Sports
Jun 25, 2012
Premier League: Club topscorer by year
5,771
5.00
Sports
Jan 24, 2019
Eredivisie Yes or No?
5,706
4.86
Sports
Nov 4, 2013
100 Soccer Legends of the 90's
4,512
4.00
Sports
Jun 25, 2012
Go to Creator's Profile
Score Distribution
Quiz Creator Spotlight
jordy_
Follow
Send a Message
Quizzes Created
-
Created Quiz Play Count
-
More By This Creator
Popular Quizzes Today
1
Colored Red Africa Blitz
2
Find the US States - No Outlines Minefield
3
Find the 'City' Movie
4
5x2 Blitz: Bands
5
The Countries of the World
6
Find the US States
7
Find the Countries of Europe - No Outlines Minefield
8
US States
More Sports Quizzes
Most AFC Championship Game Appearances
Published
Trending Quizzes
Colored Red Europe Blitz I
Colored Red Europe Blitz II
Colored Red Africa Blitz II
Colored Red Europe Blitz III
Colored Red Africa Blitz III
Recently Updated
How Do You Spell That?
pecheneg
Godzilla Movies
pecheneg
Grab Bag: 4-10 Letters
pecheneg
2024 March Madness Bracket
pecheneg
Famous TV Couples
Peacemaker
Champions League XIs: Real Madrid
pecheneg
Largest US Cities 1790-2010
pecheneg
Rides in Walt Disney World
pecheneg
Most Oscar Losses (Acting)
pecheneg
Beyoncé Albums
pecheneg
Trending Topics
Anime
Kpop
Crossword
Disney
NBA
Marvel
Harry Potter
WWE
The Office
NFL
Pokémon
Soccer
Puzzle
Song
Country
Your Account Isn't Verified!
In order to create a playlist on Sporcle, you need to verify the email address you used during registration. Go to your
Sporcle Settings
to finish the process.
Report this User
Report this user for behavior that violates our
Community Guidelines
.
Details:
Send Report
Go to the Sporcle.com Mobile Site →
Comments